000 00698nam a2200253Ia 4500
001 9957
003 GE_BSU
008 181216s||||||||xx |||||||||||||| ||und||
040 _cGE_BSU
080 _a821.353.1-1
100 _aნიკოლაიშვილი,თამაზ
245 _aიისფერი იუზა
245 _bლექსები
245 _cმხატვ:ზ.ხაბაძე
260 _aბათუმი.
260 _bალიონი.
260 _c1994.
300 _a104გვ;20სმ.
300 _bფოტო.
541 _h5ლ.
653 _aიისფერი იუზა
653 _aლექსები
942 _cBK
999 _c43230
_d43230